Normal view MARC view

Entry Personal Name

Number of records used in: 1

001 - CONTROL NUMBER

  • control field: 21630

003 - CONTROL NUMBER IDENTIFIER

  • control field: OSt

005 - DATE AND TIME OF LATEST TRANSACTION

  • control field: 20210205161402.0

008 - FIXED-LENGTH DATA ELEMENTS

  • fixed length control field: 210205|| aca||aabn | a|a d

040 ## - CATALOGING SOURCE

  • Original cataloging agency: OSt
  • Transcribing agency: OSt

100 ## - HEADING--PERSONAL NAME

  • Personal name: Curley, David L.

670 ## - SOURCE DATA FOUND

  • Source citation: Work cat.: (OSt)514726: Curley, David L. , Styles of mastery of a Calcutta Brahman family: Krishnachandra Ghoshal’s pilgrimage to Gaya, Kashi and Prayag, 1769, in Vijayram Sen’s Ti-rthaman.gala

Powered by Koha